|
|
|
|
| LEADER |
00000cam a2200000 i 4500 |
| 001 |
1/24936 |
| 008 |
060222s2005 gw | ||| |||| ||eng|| |
| 020 |
|
|
|a 3822848069
|
| 035 |
|
|
|l 10082789
|
| 040 |
|
|
|a GR-MyUa
|b gre
|e AACR2
|
| 041 |
0 |
|
|a eng
|a fre
|
| 082 |
7 |
|
|a 745.2
|2 (22)
|
| 245 |
0 |
0 |
|a 1000 extra/ordinary objects /
|c [editor, Carlos Mustienes] = 1000 extra/ordinaires objets / [french editor Isabelle Baraton].
|
| 246 |
1 |
|
|i Παράλληλος τίτλος:
|a 1000 extra/ordinaires objets
|
| 246 |
1 |
|
|i Άλλες παραλλαγές του τίτλου:
|a One thousand extra/ordinary objects
|
| 246 |
1 |
|
|i Άλλες παραλλαγές του τίτλου:
|a Mille extra/ordinaires objets
|
| 260 |
|
|
|a Köln :
|b Taschen,
|c c2005.
|
| 300 |
|
|
|a 573 σ. :
|b εικ. ;
|c 20 εκ.
|
| 650 |
|
0 |
|a Art objects
|v Catalogs.
|
| 650 |
|
0 |
|a Collectibles
|v Catalogs.
|
| 700 |
1 |
|
|a Mustienes, Carlos,
|e edt
|
| 700 |
1 |
|
|a Baraton, Isabelle,
|e edtf
|
| 852 |
|
|
|a INST
|b SYROS
|e 20060222
|h 745.2 ONE
|p 005500004968
|q 005500004968
|t BK
|y 4
|x 20190619
|
| 901 |
|
|
|a BIBL5-2006-1
|
| 922 |
|
|
|a 5ΕΛΗ
|b 200511
|c Βιβλιοθήκη Σύρου
|d Σελεφαίς
|
| 970 |
|
|
|a Τσουκαλά
|b Αλίκη
|z 21/02/2006
|